| 000 | 00370nam a2200145 a 4500 | ||
|---|---|---|---|
| 005 | 20140412111349.0 | ||
| 008 | 070710s19uu xx 00 eng d | ||
| 020 | _a0-7214-1265-3 | ||
| 050 |
_aER _bOn2 |
||
| 100 | _aMurdock, Hy | ||
| 245 |
_aOne, two, buckle my shoe / _cHy Murdock. |
||
| 260 |
_aUK : _bLadybird books. |
||
| 440 | _aRead it yourself | ||
| 999 |
_c105286 _d105286 |
||